| 000 | 00719 a2200193 4500 | ||
|---|---|---|---|
| 999 |
_c930 _d930 |
||
| 020 | _a9812237836 | ||
| 050 | _aG126. CHU 1998 | ||
| 100 | _aSwee Kim Chong-Ong | ||
| 245 |
_aUnderstanding geography : _bsecondary school geography project team _cSwee Kim Chong-Ong; Yoke Chun Tham; Curriculum Development Institute of Singapore. Secondary School Geography Project Team.; et al |
||
| 264 |
_aSingapore : _b Longman, _c 2000. |
||
| 300 | _aXVI, 368 str. : ilustr. ; 26 cm. | ||
| 440 | _aUnderstanding geography 3 | ||
| 500 | _aNasl. na ov.: Understanding geography 3. | ||
| 650 | _aGeography | ||
| 700 | _aYoke Chun Tham | ||
| 700 | _aGovindasamy Raja letchimi | ||
| 700 | _aDoris Khoo | ||
| 942 |
_2lcc _cBK _h126 _iCHU _kG |
||